Roma: il primo giorno
Guardat en:
| Autor principal: | |
|---|---|
| Format: | Llibre |
| Idioma: | italià |
| Publicat: |
Bari
Laterza
2007
|
| Matèries: | |
| Etiquetes: |
Afegir etiqueta
Sense etiquetes, Sigues el primer a etiquetar aquest registre!
|
MARC
| LEADER | 00000nam a2200000 a 4500 | ||
|---|---|---|---|
| 001 | UCH5209 | ||
| 003 | CL-VaPUC | ||
| 008 | 091008e20070000IT |||||||||||||||||ita|d | ||
| 020 | |a 9788842083429 | ||
| 082 | 0 | 4 | |a 937 |b CAR |2 21 |
| 100 | 0 | |a Carandini, Andrea |e author |9 541451 | |
| 245 | 1 | 0 | |a Roma: il primo giorno |
| 300 | |a 142 p | ||
| 942 | |c BK | ||
| 945 | |d 20091008 00:00:00 |a rbrito | ||
| 260 | |a Bari |b Laterza |c 2007 | ||
| 650 | 0 | |a Historia de Roma |9 315349 | |
| 650 | 0 | |a Historia antigua |9 267521 | |
| 651 | 0 | |a Roma |9 255106 | |
| 583 | |a last modification |c 20091008 00:00:00 |k Rodrigo Vera | ||
| 999 | |c 336391 |d 336389 | ||
| 952 | |0 0 |1 0 |4 0 |6 937_000000000000000_CAR_2007 |7 0 |8 A |9 427656 |a BIBHIS |b BIBHIS |d 2019-11-22 |i 460654K |o 937 CAR 2007 |p 460654K |r 2025-01-20 |w 2019-11-22 |y BK |k HIS | ||